00478nam a2200193 a 4500001001300000003000900013005001700022008004100039020000800080082001600088100002700104245001900131260003400150300000800184500003500192505000800227650002200235700002700257nice12345678IN_TiNIC20260116011839.0050524s1367 boma grp 000 0 urd  ac200a297.63bSHA aShaffi, Mufti Muhammad aAadab-Ul-Nabi. aBombaybShaheen Academyc1367 a86p aincludes index and biblioraphy2 aIll aMuhammad, Prophet1 aShaffi, Mufti Muhammad